| 000 | 00621nam a2200205 a 4500 | ||
|---|---|---|---|
| 001 | 000023669 | ||
| 005 | 20200930022402.0 | ||
| 008 | 101217s1973 ck r 000 0 spa d | ||
| 040 |
_aDO-SdBNP _bspa _cBNPHU |
||
| 082 |
_aC861.3 _bL864s |
||
| 100 | 1 |
_aLópez, Luis C. _d1879-1950. _948765 |
|
| 245 | 1 | 0 |
_aSus versos / _cLuis C. López. |
| 260 |
_aMedellín, Colombia : _bBedout, _c[1973]. |
||
| 300 |
_a203 , [1] ; _c19 cm. |
||
| 490 | 1 |
_aBolsilibros bedout _v143 |
|
| 650 | 4 |
_aPoesía colombiana _93742 |
|
| 650 | 4 |
_aLiteratura colombiana _ySIGLO XIX _918383 |
|
| 830 | 0 |
_aBolsilibros bedout ; _v143 _93750 |
|
| 049 | _aBNGR | ||
| 999 |
_c23165 _d23165 |
||